|
|
|
|
| LEADER |
02423nam a2200637 a 4500 |
| 001 |
nkc20112172300 |
| 003 |
CZ PrNK |
| 005 |
20110427144930.0 |
| 007 |
ta |
| 008 |
110303s2010 xr ac f 000 0 cze |
| 015 |
|
|
|a cnb002172300
|
| 020 |
|
|
|a 978-80-7385-081-4
|q (brož.)
|
| 035 |
|
|
|a (OCoLC)724298424
|
| 040 |
|
|
|a BOA001
|b cze
|
| 041 |
0 |
|
|a cze
|a slo
|
| 072 |
|
7 |
|a 621.3
|x Elektrotechnika
|2 Konspekt
|9 19
|
| 080 |
|
|
|a 551.594.21/.22
|2 MRF
|
| 080 |
|
|
|a 621.3.015.3
|2 MRF
|
| 080 |
|
|
|a 621.316.93
|2 MRF
|
| 080 |
|
|
|a 621.316.9
|2 MRF
|
| 080 |
|
|
|a 699.8
|2 MRF
|
| 080 |
|
|
|a 614.8.084
|2 MRF
|
| 080 |
|
|
|a 347.948:35.073.534
|2 MRF
|
| 080 |
|
|
|a (048.8)
|2 MRF
|
| 100 |
1 |
|
|a Kutáč, Jiří,
|d 1964-
|7 xx0044809
|4 aut
|
| 245 |
1 |
0 |
|a Ochrana před bleskem a přepětím z pohledu soudních znalců =
|b Ochrana pred bleskom a prepätím z pohľadu súdnych znalcov /
|c Jiří Kutáč, Ján Meravý
|
| 246 |
3 |
1 |
|a Ochrana pred bleskom a prepätím z pohľadu súdnych znalcov
|
| 250 |
|
|
|a Vyd. 1.
|
| 260 |
|
|
|a Praha, Trenčín [i.e. Ostrava] :
|b SPBI,
|c 2010
|
| 300 |
|
|
|a 186 s. :
|b barev. il., portréty ;
|c 30 cm
|
| 504 |
|
|
|a Obsahuje bibliografie
|
| 546 |
|
|
|a Část. slovenský text
|
| 650 |
0 |
7 |
|a blesky
|7 ph203148
|2 czenas
|
| 650 |
0 |
7 |
|a přepětí
|7 ph201883
|2 czenas
|
| 650 |
0 |
7 |
|a ochrana před bleskem a přepětím
|7 ph395729
|2 czenas
|
| 650 |
0 |
7 |
|a ochrana elektrických zařízení
|7 ph173825
|2 czenas
|
| 650 |
0 |
7 |
|a ochrana budov
|7 ph156622
|2 czenas
|
| 650 |
0 |
7 |
|a úrazová prevence
|7 ph134995
|2 czenas
|
| 650 |
0 |
7 |
|a znalecké posudky
|7 ph118850
|2 czenas
|
| 650 |
0 |
9 |
|a lightning
|2 eczenas
|
| 650 |
0 |
9 |
|a overvoltage
|2 eczenas
|
| 650 |
0 |
9 |
|a lightning protection
|2 eczenas
|
| 650 |
0 |
9 |
|a electric equipment protection
|2 eczenas
|
| 650 |
0 |
9 |
|a protection of buildings
|2 eczenas
|
| 650 |
0 |
9 |
|a accident prevention
|2 eczenas
|
| 650 |
0 |
9 |
|a expert evidence
|2 eczenas
|
| 655 |
|
7 |
|a monografie
|7 fd132842
|2 czenas
|
| 655 |
|
9 |
|a monographs
|2 eczenas
|
| 700 |
1 |
|
|a Meravý, Ján
|7 ntk2010458058
|4 aut
|
| 856 |
4 |
1 |
|u http://www.digitalniknihovna.cz/mzk/uuid/uuid:adc1b7d0-7ced-11ec-b436-5ef3fc9bb22f
|y Digitalizovaný dokument
|x NDK
|
| 910 |
2 |
|
|a BOA001
|b 4-1260.893
|
| 928 |
9 |
|
|a Sdružení požárního a bezpečnostního inženýrství
|
| 990 |
|
|
|a BK
|
| 995 |
|
|
|a 01
|
| 991 |
|
|
|b 201104
|c NOV
|j 621.3 KUT
|e n
|
| 996 |
6 |
|
|b 2610473321
|c 4-1260.893
|l MZK
|r Sklad / do 1 hodiny
|n 5
|p p.v.
|w 001172790
|u 000010
|a 1
|e BOA001
|j MZK50
|s P
|